1193 1185 1814 1359 1213 1640 1277 1793 1509 1530 1852 1574 1416 1240 1634 1296 1676 1813 1177 1567 1699 1137 1806 1913 1687 1913 1992 1897 1199 1171 1864 1661 1949 1028 1646 1516 1804 1322 1583 1925 1676 1809 1324 1075 1842 1357 1715 1244 1492 1790 1870 1483 1960 1282 1039 1812 1044 1383 1325 1892 1707 1872 1267 1085 1390 1898 1182 1932 1186 1684 1421 1941 1116 1834 1783 1608 1975 1912 1596 1001 1873 1245 1279 1196 1390 1690 1375 1277 1955 1933 1837 1227 1020 1053 1135 1602 1954 1062 1023 BCNSPRNW ULIB Ver.6.0+V

เปลี่ยนเป็นภาษาไทย

Change to English
 แสดงรายละเอียดบรรณานุกรม
  กลับหน้าหลัก

Brief Record : Get Marc (ISO 2709) : E-mail record : QR code < ปิดหน้าต่าง
LEADER : 00000nam 2200000uu 4500
001    13399112160
003     ULIB
008    110426s2552||||th 000 0 tha d
020    9740325697
060  4 W13^bส773พ 2552
100 0  สุทธิพร จิตต์มิตรภาพ
245 00 พจนานุกรมศัพท์แพทย์/^cสุทธิพร จิตต์มิตรภาพ
260    กรุงเทพฯ :^bสำนักพิมพ์แห่งจุฬาลงกรณ์มหาวิทยาลัย,^c2552
300    1451 หน้า
650  7 ศัพท์แพทย์
650  7 แพทย์^xพจนานุกรม
945    ^p520^l0^i026967
945    ^p520^l0^i026968
995    ทศพร
999 ^a ใช้งานได้ทุกระบบ
รายการนี้ยังไม่มีแท็ก
คุณยังไม่ได้ล็อกอิน คุณสามารถมีกิจกรรมร่วมกับเว็บไซต์ได้ แต่ต้องล็อกอินก่อน ::
  ล็อกอิน

รายการสื่อสารสนเทศ

ลำดับที่ ประเภท เลขเรียก/บาร์โค้ด สถานที่ สถานะ
1. วิทยาศาสตร์การแพทย์ และสุขภาพ
วิทยาศาสตร์การแพทย์ และสุขภาพ
W13 ส773พ 2552 ฉ.2 
  Barcode: 026968
ห้องสมุดวิทยาเขตสวรรค์ประชารักษ์
►ส่วนจัดเก็บหนังสือเก่า สปร
บนชั้น
  ขอยืม

รายการใกล้เคียง
    หัวเรื่อง [ศัพท์แพทย์]

BibComment


ยังไม่เคยถูกคอมเมนท์

คอมเมนท์ทรัพยากรรายการนี้
  คอมเมนท์: พจนานุกรมศัพท์แพท..


 Copyright 2026. Bcnsprnw @Library